Statistics for 10 Biggest Cities in Every European Country on a Map

Click here to take the quiz!

General Stats

  • This quiz has been taken 2,747 times
    (1,801 since last reset)
  • The average score is 151 of 394

Answers on the Map

Answers color-coded by a green-red scale on the quiz's map according to % correct below.
 

Answer Stats

CountryPopulationCity% Correct
United Kingdom8.99 milLondon
95%
Ireland553kDublin
93%
France2.19 milParis
93%
Montenegro14kBar
92%
Germany3.64 milBerlin
92%
Spain3.27 milMadrid
92%
Norway634kOslo
92%
Spain1.64 milBarcelona
91%
United Kingdom557kManchester
91%
Italy2.86 milRome
91%
Portugal553kLisbon
90%
Italy1.38 milMilan
90%
Sweden1.76 milStockholm
90%
Netherlands1.11 milAmsterdam
89%
Greece4.75 milAthens
89%
United Kingdom583kLiverpool
89%
Russia12.4 milMoscow
89%
Denmark1.30 milCopenhagen
88%
United Kingdom623kGlasgow
88%
Finland654kHelsinki
88%
Ukraine2.95 milKiev
88%
Germany1.47 milMunich
88%
Italy959kNaples
88%
Austria1.91 milVienna
88%
Poland1.78 milWarsaw
88%
United Kingdom1.16 milBirmingham
87%
Belgium182kBrussels
87%
United Kingdom498kEdinburgh
87%
Germany1.84 milHamburg
87%
Iceland129kReykjavík
87%
Russia5.38 milSt. Petersburg
87%
Switzerland135kBern
86%
Germany753kFrankfurt
86%
France863kMarseille
86%
Czech Republic1.31 milPrague
86%
Hungary1.75 milBudapest
85%
Portugal238kPorto
85%
Croatia688kZagreb
85%
Romania1.88 milBucharest
84%
Belarus2.02 milMinsk
84%
France340kNice
84%
Bulgaria1.24 milSofia
84%
Switzerland420kZürich
84%
Luxembourg122kLuxembourg
83%
France516kLyon
83%
Monaco39kMonaco
83%
Latvia633kRiga
83%
Netherlands830kRotterdam
83%
Estonia435kTallin
83%
Serbia1.16 milBelgrade
82%
Italy876kTurin
82%
Spain794kValència
82%
Bosnia and Herzegovina348kSarajevo
81%
Spain689kSevilla
81%
Albania418kTirana
81%
Germany1.08 milCologne
80%
Italy379kFlorence
80%
Switzerland204kGeneva
80%
Poland771kKraków
80%
United Kingdom507kLeeds
80%
Lithuania551kVilnius
80%
Andorra19kAndorra la Vella
79%
France254kBordeaux
79%
Sweden322kMalmö
79%
Italy663kPalermo
79%
Belgium526kAntwerp
78%
Ireland126kCork
78%
Slovakia433kBratislava
77%
Spain347kBilbao
76%
Sweden651kGöteborg
76%
Slovenia285kLjubljana
76%
Netherlands804kThe Hague
76%
Germany619kDüsseldorf
75%
Poland467kGdańsk
75%
Italy578kGenoa
75%
North Macedonia510kSkopje
75%
Germany635kStuttgart
75%
Greece1.36 milThessaloniki
75%
France480kToulouse
75%
Moldova533kChișinău
74%
France233kLille
74%
Ukraine1.01 milOdessa
74%
United Kingdom577kBristol
73%
Austria155kSalzburg
73%
Norway278kBergen
72%
Montenegro151kPodgorica
71%
Kosovo145kPristina
71%
Croatia167kSplit
71%
Italy391kBologna
70%
Spain575kMálaga
70%
Germany588kLeipzig
69%
Ukraine725kLviv
69%
France309kNantes
69%
United Kingdom549kSheffield
69%
France281kStrasbourg
69%
Ukraine913kDonetsk
68%
Ukraine1.45 milKharkiv
68%
Italy321kBari
67%
Spain416kPalma
67%
Spain675kZaragoza
67%
Netherlands221kDordrecht
66%
Denmark269kAarhus
65%
Switzerland173kBasel
65%
Czech Republic281kBrno
64%
Germany587kDortmund
64%
Germany583kEssen
64%
Poland285kŁódź
64%
Austria291kGraz
63%
Austria132kInnsbruck
63%
Belgium262kGhent
62%
Netherlands383kUtrecht
62%
Belgium118kBrugge
61%
Russia1.25 milNizhny Novgorod
60%
Italy312kCatania
59%
France285kMontpellier
59%
Russia1.13 milRostov-on-Don
59%
United Kingdom473kLeicester
58%
Norway191kTrondheim
57%
Poland641kWrocław
57%
Russia1.48 milYekaterinburg
57%
Netherlands299kEindhoven
56%
Belgium197kLiège
56%
Austria207kLinz
56%
Romania325kCluj-Napoca
55%
Spain453kMurcia
55%
Serbia232kNovi Sad
55%
Ukraine998kDnipro
54%
Russia1.25 milKazan
54%
Switzerland139kLausanne
54%
Ireland58kLimerick
54%
Bulgaria337kVarna
54%
Lithuania289kKaunas
53%
Poland536kPoznań
53%
Belarus340kBrest
51%
Ireland80kGalway
51%
Russia1.62 milNovosibirsk
50%
Finland193kTurku
50%
Denmark113kAalborg
49%
Finland238kTampere
49%
Sweden166kUppsala
49%
Netherlands214kGroningen
48%
Finland205kOulu
48%
Poland402kSzczecin
48%
Denmark177kOdense
47%
Bulgaria347kPlovdiv
47%
Belgium202kCharleroi
46%
Ukraine440kMariupol
46%
Russia1.16 milSamara
46%
Norway73kTromsø
46%
Russia1.16 milOmsk
45%
Czech Republic289kOstrava
44%
Hungary201kDebrecen
43%
Slovakia238kKošice
43%
Spain380kLas Palmas
43%
Poland340kLublin
43%
Serbia183kNiš
43%
Portugal137kBraga
42%
Slovenia96kMaribor
42%
Norway131kStavanger
42%
Moldova134kTiraspol
42%
Romania284kConstanța
41%
Albania113kDurrës
41%
Finland290kEspoo
41%
Czech Republic172kPlzeň
41%
Romania319kTimișoara
41%
Bosnia and Herzegovina135kBanja Luka
40%
Switzerland82kLucerne
40%
Belarus510kGomel
39%
Croatia128kRijeka
39%
Russia1.20 milChelyabinsk
38%
Bosnia and Herzegovina60kMostar
38%
Estonia94kTartu
38%
Switzerland56kBiel
37%
Ireland48kWaterford
36%
Bulgaria202kBurgas
35%
Romania290kIași
35%
Lithuania149kKlaipėda
35%
Greece253kPatras
35%
Croatia71kZadar
35%
Switzerland63kLugano
34%
Kosovo49kPec
33%
Portugal106kCoimbra
32%
Latvia83kDaugavpils
31%
Austria101kKlagenfurt
31%
Norway91kKristiansand
31%
Sweden118kLinköping
31%
Croatia57kPula
31%
Switzerland76kSt. Gallen
31%
Ukraine739kZaporizhia
31%
Poland297kBiałystok
30%
Poland350kBydgoszcz
30%
Romania253kBrașov
29%
Netherlands205kHaarlem
29%
Sweden100kJönköping
29%
Sweden98kNorrköping
29%
Portugal112kFunchal
28%
Hungary132kGyőr
28%
Sweden112kHelsingborg
28%
Greece213kLarissa
28%
Hungary143kPécs
28%
Hungary161kSzeged
27%
Luxembourg36kEsch-sur-Alzette
26%
Belarus357kHrodna
26%
Belgium111kNamur
26%
Croatia84kOsijek
26%
Estonia55kNarva
25%
Sweden126kÖrebro
25%
Iceland19kReykjanesbær
25%
Finland234kVantaa
25%
Belgium102kLeuven
24%
Czech Republic104kLiberec
24%
Greece783kPiraeus
24%
Netherlands213kTilburg
24%
Sweden128kVästerås
24%
Albania80kVlorë
24%
Denmark72kEsbjerg
23%
Portugal98kSetúbal
23%
Norway65kDrammen
22%
Finland120kLahti
22%
Ukraine483kMykolaiv
22%
Austria63kVillach
22%
Belarus365kVitebsk
22%
Switzerland114kWinterthur
22%
Belgium120kAnderlecht
21%
Slovenia26kKoper
21%
Czech Republic101kOlomouc
21%
Estonia40kPärnu
21%
Serbia98kSubotica
21%
Iceland19kAkureyri
20%
Romania270kCraiova
20%
Netherlands270kLeiden
20%
Hungary155kMiskolc
20%
North Macedonia39kOhrid
20%
Albania76kShkodër
20%
Romania249kGalați
19%
Belarus357kMahilou
19%
Slovakia77kNitra
19%
Slovakia89kPrešov
19%
Kosovo85kPrizren
19%
Denmark50kRoskilde
19%
Bulgaria143kRuse
19%
Austria56kSankt Pölten
19%
Bosnia and Herzegovina74kTuzla
19%
Portugal187kVila Nova de Gaia
19%
Slovakia81kŽilina
19%
North Macedonia71kBitola
18%
Finland142kJyväskylä
18%
Finland119kKuopio
18%
Latvia69kLiepaja
18%
Romania210kPloiești
18%
Czech Republic94kČeské Budějovice
17%
Serbia151kKragujevac
17%
Ukraine625kKryvyi Rih
17%
Romania196kOradea
17%
Moldova98kBălți
16%
Slovakia78kBanská Bystrica
16%
Ireland32kDundalk
16%
Latvia49kJurmala
16%
Montenegro57kNikšić
16%
Denmark63kRanders
16%
Lithuania102kŠiauliai
16%
Slovakia55kTrenčín
16%
Slovakia65kTrnava
16%
Greece177kVolos
16%
Portugal175kAmadora
15%
Montenegro13kBudva
15%
Slovenia38kCelje
15%
Albania79kElbasan
15%
Finland84kPori
15%
Bulgaria136kStara Zagora
15%
Latvia34kVentspils
15%
Bosnia and Herzegovina71kZenica
15%
Ireland29kDrogheda
14%
Luxembourg21kDudelange
14%
Czech Republic93kHradec Králové
14%
Kosovo46kMitrovica
14%
Belarus126kPinsk
14%
Czech Republic93kÚstí nad Labem
14%
Norway81kFredrikstad
13%
North Macedonia74kKumanovo
13%
Andorra16kLes Escaldes
13%
Czech Republic91kPardubice
13%
Croatia53kSlavonski Brod
13%
North Macedonia57kTetovo
13%
Austria62kWels
13%
Moldova92kBender / Tighina
12%
Bosnia and Herzegovina40kBrčko
12%
Latvia56kJelgava
12%
Croatia47kKarlovac
12%
Denmark60kKolding
12%
Iceland37kKópavogur
12%
Slovenia37kKranj
12%
Serbia67kNovi Pazar
12%
Slovenia24kNovo Mesto
12%
Hungary97kSzékesfehérvár
12%
Denmark56kVejle
12%
Bosnia and Herzegovina40kBihać
11%
Montenegro14kCetinje
11%
Montenegro11kHerceg Novi
11%
Denmark58kHorsens
11%
Albania51kKorçë
11%
Slovakia55kMartin
11%
Lithuania86kPanevėžys
11%
Bulgaria97kPleven
11%
Slovakia51kPoprad
11%
Croatia39kVaraždin
11%
Serbia77kZrenjanin
11%
Serbia73kČačak
10%
Luxembourg27kDifferdange
10%
Austria50kDornbirn
10%
Albania56kFier
10%
Hungary111kKecskemét
10%
Hungary117kNyíregyháza
10%
North Macedonia64kPrilep
10%
Belgium133kSchaerbeek
10%
Norway73kSkien
10%
Hungary78kSzombathely
10%
Lithuania50kAlytus
9%
Belarus212kBabrujsk
9%
Albania36kBerat
9%
Ireland28kBray
9%
Bulgaria84kDobrič
9%
Serbia64kKraljevo
9%
Lithuania35kMarijampolė
9%
Latvia23kOgre
9%
Serbia76kPančevo
9%
Slovenia18kPtuj
9%
Norway79kSandnes
9%
Bulgaria86kSliven
9%
Bulgaria76kŠumen
9%
Montenegro11kUlcinj
9%
Portugal96kAlmada
8%
Belarus141kBarysau
8%
Bosnia and Herzegovina41kBijeljina
8%
Kosovo54kGjilan
8%
Iceland30kHafnarfjörður
8%
Estonia13kKuressaare
8%
Ireland21kNaas
8%
Bosnia and Herzegovina28kPrijedor
8%
Slovenia25kVelenje
8%
North Macedonia43kVeles
8%
Montenegro13kBijelo-Polje
7%
Bosnia and Herzegovina24kDoboj
7%
Kosovo43kFerizaj
7%
Estonia34kKohtla-Järve
7%
Ireland28kNavan
7%
Greece637kPeristeri
7%
Montenegro19kPljevlja
7%
Latvia28kRezekne
7%
North Macedonia45kŠtip
7%
North Macedonia37kStrumica
7%
Portugal80kAgualva-Cacém
6%
Montenegro11kBerane
6%
North Macedonia37kGostivar
6%
Greece394kKallithea
6%
Slovenia14kKamnik
6%
Albania21kPogradec
6%
Malta17kQormi
6%
Estonia15kRakvere
6%
Moldova48kRibnita
6%
Lithuania25kUtena
6%
Latvia23kValmiera
6%
Estonia17kViljandi
6%
Belarus170kBaranavicy
5%
Moldova29kCahul
5%
Kosovo41kGjakovë
5%
Latvia22kJekabpils
5%
Lithuania26kJonava
5%
Greece181kKalamaria
5%
Albania27kLushnjë
5%
Estonia15kMaardu
5%
Moldova21kOrhei
5%
Luxembourg20kPétange
5%
Croatia54kSesvete
5%
Estonia13kSillamäe
5%
Moldova22kSoroca
5%
Slovenia14kTrbovlje
5%
Luxembourg11kBettembourg
4%
Moldova25kDubăsari
4%
Iceland16kGarðabær
4%
Lithuania32kMažeikiai
4%
Iceland11kMosfellsbær
4%
Moldova31kUngheni
4%
Luxembourg16kHesper
3%
Greece188kNikaia
3%
Kosovo23kPodujevë
3%
Kosovo16kRahovec
3%
Luxembourg11kSchifflange
3%
Kosovo27kVučitrn
3%
Malta15kŻabbar
3%
Malta12kŻejtun
3%
Luxembourg10kKäerjeng
2%
Luxembourg18kSanem
2%
Malta12kŻebbuġ
2%

Score Distribution

Percentile by Number Answered

Percent of People with Each Score

Your Score History

You have not taken this quiz since the last reset